Estudio tecnológico de 144 maderas de la Guayana venezolana (Record no. 26967)
[ view plain ]
| 000 -CABECERA | |
|---|---|
| campo de control de longitud fija | 01435nam a22003497a 4500 |
| 003 - IDENTIFICADOR DEL NÚMERO DE CONTROL | |
| campo de control | CHAP |
| 005 - FECHA Y HORA DE LA ÚLTIMA TRANSACCIÓN | |
| campo de control | 20220329134843.0 |
| 008 - DATOS DE LONGITUD FIJA--INFORMACIÓN GENERAL | |
| campo de control de longitud fija | 971013s r 00010 d |
| 010 ## - NÚMERO DE CONTROL DE LA BIBLIOTECA DEL CONGRESO | |
| Número de control de LC | 26967 |
| 011 ## - ENLACE DEL NUMERO DE CONTROL DE LA BIBLIOTECA DEL CONGRESO [OBSOLETO] | |
| Número de control de LC | 27939 |
| 035 ## - NÚMERO DE CONTROL DEL SISTEMA | |
| Número de control de sistema | 32040 |
| 040 ## - FUENTE DE LA CATALOGACIÓN | |
| Centro/agencia transcriptor | CHAP |
| 090 ## - LOCALMENTE ASIGNADO TIPO-LC NÚMERO DE CLASIFICACIÓN (OCLC); NÚMERO DE CLASIFICACIÓN LOCAL (RLIN) | |
| Número de clasificación (OCLC) (R) ; Numero de clasificación, CALL (RLIN) (NR) | Folleto 2405 |
| 110 ## - ENTRADA PRINCIPAL--NOMBRE DE ENTIDAD CORPORATIVA | |
| Nombre de entidad corporativa o nombre de jurisdicción como elemento de entrada | Laboratorio Nacional de Productos Forestales. Mérida, Venezuela |
| 9 (RLIN) | 64285 |
| 245 ## - MENCIÓN DE TÍTULO | |
| Título | Estudio tecnológico de 144 maderas de la Guayana venezolana |
| 260 ## - PUBLICACIÓN, DISTRIBUCIÓN, ETC. | |
| Lugar de publicación, distribución, etc. | Mérida, Venezuela : |
| Nombre del editor, distribuidor, etc. | LNPF, |
| Fecha de publicación, distribución, etc. | 19 - . |
| 300 ## - DESCRIPCIÓN FÍSICA | |
| Extensión | v. |
| 500 ## - NOTA GENERAL | |
| Nota general | La biblioteca tiene: v.1 Propiedades físicas y mecánicas de 137 maderas de la Guayana Venezolana.- v.4 Maderas de la Guayana; producción y secado de chapas.- v.5 Características papeleras de 101 especies de la Guayana venezolana.- v.7 Durabilidad na |
| 590 ## - NOTA LOCAL (RLIN) | |
| Nota local | BATCH-UPD |
| Procedencia (VM) [OBSOLETO] | 10 |
| Condición del los carretes individuales (VM) [OBSOLETO] | 20130110 |
| -- | UCH01 |
| -- | 0202 |
| 590 ## - NOTA LOCAL (RLIN) | |
| Nota local | BATCH-UPD |
| Procedencia (VM) [OBSOLETO] | 10 |
| Condición del los carretes individuales (VM) [OBSOLETO] | 20130110 |
| -- | UCH01 |
| -- | 1609 |
| 590 ## - NOTA LOCAL (RLIN) | |
| Nota local | CONVERSION |
| Procedencia (VM) [OBSOLETO] | 10 |
| Condición del los carretes individuales (VM) [OBSOLETO] | 20130109 |
| -- | UCH01 |
| -- | 1315 |
| 650 14 - PUNTO DE ACCESO ADICIONAL DE MATERIA--TÉRMINO DE MATERIA | |
| Término de materia o nombre geográfico como elemento de entrada | Chapa y chapeado. |
| 9 (RLIN) | 21886 |
| 650 14 - PUNTO DE ACCESO ADICIONAL DE MATERIA--TÉRMINO DE MATERIA | |
| Término de materia o nombre geográfico como elemento de entrada | Madera aserrada |
| Subdivisión general | Secado. |
| 9 (RLIN) | 69642 |
| 650 14 - PUNTO DE ACCESO ADICIONAL DE MATERIA--TÉRMINO DE MATERIA | |
| Término de materia o nombre geográfico como elemento de entrada | Madera |
| Subdivisión general | Propiedades y usos. |
| 9 (RLIN) | 69621 |
| 650 14 - PUNTO DE ACCESO ADICIONAL DE MATERIA--TÉRMINO DE MATERIA | |
| Término de materia o nombre geográfico como elemento de entrada | Pulpa de madera |
| Subdivisión general | Industria. |
| 9 (RLIN) | 93005 |
| 901 ## - ELEMENTOS DE DATOS A LOCAL LDA (RLIN) | |
| a | BK |
| 942 ## - ELEMENTOS DE PUNTO DE ACCESO ADICIONAL (KOHA) | |
| Tipo de ítem Koha | Folleto |
| 949 ## - PROCESAMIENTO DE INFORMACIÓN LOCAL (OCLC) | |
| a | Folleto 2405 |
| b | BC |
| c | FOLL |
| d | -74170 |
| e | TS1 |
| f | v.1 |
| i | 32040 |
| s | i |
| 949 ## - PROCESAMIENTO DE INFORMACIÓN LOCAL (OCLC) | |
| a | Folleto 2405 |
| b | BC |
| c | FOLL |
| d | -74171 |
| e | TS1 |
| f | v.4 |
| i | 32040 |
| s | i |
| 949 ## - PROCESAMIENTO DE INFORMACIÓN LOCAL (OCLC) | |
| a | Folleto 2405 |
| b | BC |
| c | FOLL |
| d | -74172 |
| e | TS1 |
| f | v.5 |
| i | 32040 |
| s | i |
| 949 ## - PROCESAMIENTO DE INFORMACIÓN LOCAL (OCLC) | |
| a | Folleto 2405 |
| b | BC |
| c | FOLL |
| d | -74173 |
| e | TS1 |
| f | v.7 |
| i | 32040 |
| s | i |
| Estado de retiro | Estado de pérdida | Fuente del sistema de clasificación o colocación | Estado dañado | Restricciones de uso | No para préstamo | Código de colección | Localización permanente | Ubicación/localización actual | Ubicación en estantería | Fecha de adquisición | Información codificada de la localización en otra ubicación | Total de préstamos | Signatura topográfica completa | Código de barras | Fecha visto por última vez | Número de copia | Precio válido a partir de | Tipo de ítem Koha |
|---|---|---|---|---|---|---|---|---|---|---|---|---|---|---|---|---|---|---|
| Clasificación Universidad Autónoma de Chapingo | Préstamo interno | Folletos | Biblioteca Central | Biblioteca Central | Planta alta - Área de Tesis - Folletos | 17/12/2012 | FOLL | Folleto 2405 | -74170 | 31/12/2019 | v.1 | 17/12/2012 | Folleto | |||||
| Clasificación Universidad Autónoma de Chapingo | Préstamo interno | Folletos | Biblioteca Central | Biblioteca Central | Planta alta - Área de Tesis - Folletos | 17/12/2012 | FOLL | Folleto 2405 | -74171 | 31/12/2019 | v.4 | 17/12/2012 | Folleto | |||||
| Clasificación Universidad Autónoma de Chapingo | Préstamo interno | Folletos | Biblioteca Central | Biblioteca Central | Planta alta - Área de Tesis - Folletos | 17/12/2012 | FOLL | Folleto 2405 | -74172 | 31/12/2019 | v.5 | 17/12/2012 | Folleto | |||||
| Clasificación Universidad Autónoma de Chapingo | Préstamo interno | Folletos | Biblioteca Central | Biblioteca Central | Planta alta - Área de Tesis - Folletos | 17/12/2012 | FOLL | Folleto 2405 | -74173 | 31/12/2019 | v.7 | 17/12/2012 | Folleto |
